Sestry

Bibliographic Details
Main Author: Telgemeier, Raina, 1977- (Author, Illustrator)
Other Authors: Lamb, Braden (Illustrator), Brezňanová, Dana (Translator)
Format: Book
Language:Slovak
English
PhysicalDescription:197 strán farebné ilustrácie 21 cm
Published: Bratislava Slovart 2021
ISBN:9788055648262
Subjects:

MARC

LEADER 00000cam a2200000 4500
001 vtls012056696
003 SK-MaSNL
005 20260301095123.0
008 210602s2021 xo a c 6 010 1 slo
015 |a SNBA2022/07 
020 |a 9788055648262  |q (brožované) 
040 |a SNK  |b slo  |c SNK  |e rda 
041 1 |a slo  |h eng 
044 |a xo  |c SK 
072 7 |a 741.52  |x Komiksy. Komiksové adaptácie  |2 konspekt 
072 7 |a 821-93  |x Literatúra pre deti a mládež (beletria)  |2 konspekt 
072 7 |a 821.111(73)-3  |x Americká próza  |2 konspekt 
080 |a 821-93  |2 2011 
080 |a 741.52(0:82-32)  |2 2011 
080 |a 821.111(73)-32  |2 2011 
100 1 |a Telgemeier, Raina,  |d 1977-  |4 aut  |4 ill  |9 206678 
240 1 0 |a Sisters  |l Slovensky 
245 1 0 |a Sestry  |c Raina Telgemeier ; koloroval Braden Lamb ; z anglického originálu Sisters ... preložila Dana Brezňanová 
246 1 |i Obálkový podnázov:  |a Tri týždne. Dve sestry. Jedno auto 
264 1 |a Bratislava  |b Slovart  |c 2021 
300 |a 197 strán  |b farebné ilustrácie  |c 21 cm 
336 |a text  |b txt  |2 rdacontent 
336 |a statický obraz  |b sti  |2 rdacontent 
337 |a bez média  |b n  |2 rdamedia 
338 |a zväzok  |b nc  |2 rdacarrier 
500 |a Obsahuje profesijné údaje o autorke 
521 8 |a Pre čitateľov od 10 rokov 
655 7 |a literatúra pre mládež  |2 SNKPH  |9 89423 
655 7 |a Juvenile literature  |2 SNKPHeng  |9 278419 
655 7 |a komiksy  |2 SNKPH  |9 70703 
655 7 |a Comics (graphic works)  |2 SNKPHeng  |9 303203 
655 7 |a americké príbehy  |2 SNKPH  |9 70732 
655 7 |a American stories  |2 SNKPHeng  |9 303195 
700 1 |a Lamb, Braden  |4 ill  |9 429972 
700 1 |a Brezňanová, Dana  |4 trl  |9 101116 
787 0 8 |i Zo série:  |t Úsmev  |g 2 
919 |a 978-80-556-4826-2 
954 |a ilustrované knihy, leporelá, komiksy cudzojazyčné (svetové)  |2 lita 
958 |a UP 
958 |a DB 
968 |b ENG 
999 |c 682248  |d 684178 
952 |a SNK  |b SNK  |y PREZ  |7 0  |p 17A1456467  |o snkOSC 29298  |i snk2021/9932  |8 0  |0 0  |1 0  |4 0  |d 2021-08-06  |l 0  |r 2026-02-23 20:01:11  |w 2026-02-23 
952 |a SNK  |b SNK  |y VYP  |7 0  |p 17A1456468  |o snkOSC 29298 D1  |i snk2021/9933  |8 0  |0 0  |1 0  |4 0  |d 2021-08-06  |l 0  |r 2026-02-23 20:01:11  |w 2026-02-23